{"text_format":"3","workbook":"xlsx","n_sheets":1,"sheets":["t345"],"read":"whole","date_system":"1900"}

{"sheet":"t345","index":0,"n_rows":152,"n_cols":7,"rows_kept":152,"merged":[[0,0,0,6],[30,0,30,5],[42,0,42,5],[130,0,130,5]]}
["TABELA 345.1 - Estatísticas Agrícolas, Município de Mombuca, Estado de São Paulo, 2007/08."]
["ITEM","UNIDADE","N.DE UPAs","MÍNIMO","MÉDIO","MÁXIMO","TOTAL"]
["Distância à sede do município","km",323,0.5,{"v":8.08,"d":"8.1"},{"v":23,"d":"23.0"},"-"]
["Área total","hectare",323,0.2,{"v":32.28,"d":"32.3"},454.8,{"v":10425.9,"d":"10,425.9"}]
["Área com cultura perene","hectare",4,0.5,{"v":3.65,"d":"3.7"},7.3,14.6]
["Área com cultura temporária","hectare",283,0.5,{"v":26.69,"d":"26.7"},388.8,{"v":7552.7,"d":"7,552.7"}]
["Área com pastagem","hectare",146,0.3,{"v":8.26,"d":"8.3"},173.5,{"v":1206.4,"d":"1,206.4"}]
["Área com reflorestamento","hectare",39,0.1,2.3,15.7,89.8]
["Área com vegetação natural","hectare",215,0.1,{"v":3.96,"d":"4.0"},74.9,850.5]
["Área com vegetação de brejo e várzea","hectare",2,0.6,0.9,1.2,1.8]
["Área em descanso","hectare",17,0.2,{"v":3.26,"d":"3.3"},{"v":17,"d":"17.0"},55.4]
["Área complementar","hectare",204,0.1,{"v":3.21,"d":"3.2"},235.1,654.7]
["Área das UPAs com (0, 1] ha","hectare",1,0.2,0.2,0.2,0.2]
["Área das UPAs com (1, 2] ha","hectare",8,1.2,1.4,{"v":2,"d":"2.0"},11.2]
["Área das UPAs com (2, 5] ha","hectare",34,2.4,{"v":3.73,"d":"3.7"},{"v":5,"d":"5.0"},126.9]
["Área das UPAs com (5, 10] ha","hectare",54,5.3,{"v":7.66,"d":"7.7"},9.7,413.9]
["Área das UPAs com (10, 20] ha","hectare",97,10.1,{"v":15.15,"d":"15.2"},{"v":20,"d":"20.0"},{"v":1469.3,"d":"1,469.3"}]
["Área das UPAs com (20, 50] ha","hectare",81,20.2,{"v":30.75,"d":"30.8"},49.6,{"v":2490.5,"d":"2,490.5"}]
["Área das UPAs com (50, 100] ha","hectare",28,50.8,{"v":70.08,"d":"70.1"},96.6,{"v":1962.2,"d":"1,962.2"}]
["Área das UPAs com (100, 200] ha","hectare",14,{"v":104,"d":"104.0"},{"v":138.17,"d":"138.2"},174.2,{"v":1934.4,"d":"1,934.4"}]
["Área das UPAs com (200, 500] ha","hectare",6,200.2,{"v":336.22,"d":"336.2"},454.8,{"v":2017.3,"d":"2,017.3"}]
["Área das UPAs com (500, 1.000] ha","hectare","-","-","-","-","-"]
["Área das UPAs com (1.000, 2.000] ha","hectare","-","-","-","-","-"]
["Área das UPAs com (2.000, 5.000] ha","hectare","-","-","-","-","-"]
["Área das UPAs com (5.000, 10.000] ha","hectare","-","-","-","-","-"]
["Área das UPAs acima de 10.000 ha","hectare","-","-","-","-","-"]
["Familiares do proprietário que trabalham na UPA","unidade",181,{"v":1,"d":"1.0"},{"v":2.34,"d":"2.3"},{"v":21,"d":"21.0"},{"v":424,"d":"424.0"}]
["Trabalhadores permanentes","unidade",44,{"v":1,"d":"1.0"},{"v":1.73,"d":"1.7"},{"v":9,"d":"9.0"},{"v":76,"d":"76.0"}]
["Fonte: Secretaria de Agricultura e Abastecimento, CDRS/IEA, Projeto LUPA."]
[]
["TABELA 345.2 - Explorações Animais, Município de Mombuca, Estado de São Paulo, 2007/08."]
["ITEM","UNIDADE","N.DE UPAs","MÍNIMO","MÉDIO","MÁXIMO","TOTAL"]
["Avicultura de Corte","cabeças/ano",17,{"v":14500,"d":"14,500.0"},{"v":134500,"d":"134,500.0"},{"v":430000,"d":"430,000.0"},{"v":2286500,"d":"2,286,500.0"}]
["Bovinocultura de Corte","cabeças",2,{"v":23,"d":"23.0"},37.5,{"v":52,"d":"52.0"},{"v":75,"d":"75.0"}]
["Bovinocultura Leiteira","cabeças",1,{"v":59,"d":"59.0"},{"v":59,"d":"59.0"},{"v":59,"d":"59.0"},{"v":59,"d":"59.0"}]
["Bovinocultura Mista","cabeças",84,{"v":3,"d":"3.0"},{"v":29.15,"d":"29.2"},{"v":210,"d":"210.0"},{"v":2449,"d":"2,449.0"}]
["Caprinocultura","cabeças",1,{"v":13,"d":"13.0"},{"v":13,"d":"13.0"},{"v":13,"d":"13.0"},{"v":13,"d":"13.0"}]
["Equinocultura","cabeças",2,{"v":1,"d":"1.0"},{"v":2,"d":"2.0"},{"v":3,"d":"3.0"},{"v":4,"d":"4.0"}]
["Ovinocultura","cabeças",7,{"v":12,"d":"12.0"},{"v":26.71,"d":"26.7"},{"v":60,"d":"60.0"},{"v":187,"d":"187.0"}]
["Suinocultura","cabeças",6,{"v":23,"d":"23.0"},{"v":4370.5,"d":"4,370.5"},{"v":19800,"d":"19,800.0"},{"v":26223,"d":"26,223.0"}]
["Fonte: Secretaria de Agricultura e Abastecimento, CDRS/IEA, Projeto LUPA."]
[]
["TABELA 345.3 -  Máquinas, Implementos e Benfeitorias, Município de Mombuca, Estado de São Paulo, 2007/08."]
["ITEM","UNIDADE","N.DE UPAs","MÍNIMO","MÉDIO","MÁXIMO","TOTAL"]
["Arado Comum (Bacia, Aiveca)","Unidade",3,{"v":1,"d":"1.0"},{"v":1,"d":"1.0"},{"v":1,"d":"1.0"},{"v":3,"d":"3.0"}]
["Arado Escarificador","Unidade",48,{"v":1,"d":"1.0"},{"v":1.44,"d":"1.4"},{"v":6,"d":"6.0"},{"v":69,"d":"69.0"}]
["Arado Subsolador","Unidade",40,{"v":1,"d":"1.0"},{"v":1.13,"d":"1.1"},{"v":3,"d":"3.0"},{"v":45,"d":"45.0"}]
["Batedeira de Cereais","Unidade",6,{"v":1,"d":"1.0"},{"v":1.17,"d":"1.2"},{"v":2,"d":"2.0"},{"v":7,"d":"7.0"}]
["Carregadeira de Cana","Unidade",37,{"v":1,"d":"1.0"},{"v":1.27,"d":"1.3"},{"v":4,"d":"4.0"},{"v":47,"d":"47.0"}]
["Colhedeira Automotriz","Unidade",1,{"v":2,"d":"2.0"},{"v":2,"d":"2.0"},{"v":2,"d":"2.0"},{"v":2,"d":"2.0"}]
["Conj.Irrigação Convencional","Unidade",4,{"v":1,"d":"1.0"},1.5,{"v":3,"d":"3.0"},{"v":6,"d":"6.0"}]
["Conj.Irrigação/Gotejamento/Microaspersão","Unidade",1,{"v":1,"d":"1.0"},{"v":1,"d":"1.0"},{"v":1,"d":"1.0"},{"v":1,"d":"1.0"}]
["Conjunto de Fenação","Unidade",1,{"v":1,"d":"1.0"},{"v":1,"d":"1.0"},{"v":1,"d":"1.0"},{"v":1,"d":"1.0"}]
["Desintegrador de Palha (Plantio Direto)","Unidade",1,{"v":1,"d":"1.0"},{"v":1,"d":"1.0"},{"v":1,"d":"1.0"},{"v":1,"d":"1.0"}]
["Desintegrador, Picador, Triturador","Unidade",60,{"v":1,"d":"1.0"},{"v":1.22,"d":"1.2"},{"v":5,"d":"5.0"},{"v":73,"d":"73.0"}]
["Distribuidor de Calcário","Unidade",20,{"v":1,"d":"1.0"},{"v":1.15,"d":"1.2"},{"v":3,"d":"3.0"},{"v":23,"d":"23.0"}]
["Grade Aradora (Tipo Romi)","Unidade",32,{"v":1,"d":"1.0"},{"v":1.25,"d":"1.3"},{"v":4,"d":"4.0"},{"v":40,"d":"40.0"}]
["Grade Niveladora","Unidade",24,{"v":1,"d":"1.0"},{"v":1,"d":"1.0"},{"v":1,"d":"1.0"},{"v":24,"d":"24.0"}]
["Microtrator","Unidade",5,{"v":1,"d":"1.0"},{"v":1,"d":"1.0"},{"v":1,"d":"1.0"},{"v":5,"d":"5.0"}]
["Misturador de Ração","Unidade",3,{"v":1,"d":"1.0"},{"v":1,"d":"1.0"},{"v":1,"d":"1.0"},{"v":3,"d":"3.0"}]
["Pulverizador Tratorizado","Unidade",46,{"v":1,"d":"1.0"},1.3,{"v":4,"d":"4.0"},{"v":60,"d":"60.0"}]
["Terraceador","Unidade",4,{"v":1,"d":"1.0"},{"v":1,"d":"1.0"},{"v":1,"d":"1.0"},{"v":4,"d":"4.0"}]
["Trator de Pneus","Unidade",79,{"v":1,"d":"1.0"},{"v":2.14,"d":"2.1"},{"v":13,"d":"13.0"},{"v":169,"d":"169.0"}]
["Açude/Represa","Unidade",46,{"v":1,"d":"1.0"},{"v":1.37,"d":"1.4"},{"v":4,"d":"4.0"},{"v":63,"d":"63.0"}]
["Alambique","Unidade",1,{"v":1,"d":"1.0"},{"v":1,"d":"1.0"},{"v":1,"d":"1.0"},{"v":1,"d":"1.0"}]
["Almoxarifado/Oficina","Unidade",4,{"v":1,"d":"1.0"},{"v":1,"d":"1.0"},{"v":1,"d":"1.0"},{"v":4,"d":"4.0"}]
["Armazém para Grãos Ensacados","Sacas",1,{"v":1,"d":"1.0"},{"v":1,"d":"1.0"},{"v":1,"d":"1.0"},{"v":1,"d":"1.0"}]
["Barracão para Granja/Avicultura","Unidade",17,{"v":1,"d":"1.0"},{"v":1.71,"d":"1.7"},{"v":4,"d":"4.0"},{"v":29,"d":"29.0"}]
["Barracão/Galpão/Garagem","Unidade",110,{"v":1,"d":"1.0"},{"v":1.34,"d":"1.3"},{"v":6,"d":"6.0"},{"v":147,"d":"147.0"}]
["Casa de Moradia Habitada","Unidade",115,{"v":1,"d":"1.0"},{"v":1.85,"d":"1.9"},{"v":8,"d":"8.0"},{"v":213,"d":"213.0"}]
["Casa de Moradia Total","Unidade",100,{"v":1,"d":"1.0"},{"v":3.64,"d":"3.6"},{"v":128,"d":"128.0"},{"v":364,"d":"364.0"}]
["Curral/Mangueira","Unidade",72,{"v":1,"d":"1.0"},1.1,{"v":3,"d":"3.0"},{"v":79,"d":"79.0"}]
["Depósito/Tulha","Unidade",17,{"v":1,"d":"1.0"},{"v":1.24,"d":"1.2"},{"v":4,"d":"4.0"},{"v":21,"d":"21.0"}]
["Estábulo","Unidade",5,{"v":1,"d":"1.0"},{"v":1,"d":"1.0"},{"v":1,"d":"1.0"},{"v":5,"d":"5.0"}]
["Estufa/Plasticultura","m²",2,{"v":1,"d":"1.0"},1.5,{"v":2,"d":"2.0"},{"v":3,"d":"3.0"}]
["Instalações para Equinos","Unidade",4,{"v":1,"d":"1.0"},{"v":1.75,"d":"1.8"},{"v":4,"d":"4.0"},{"v":7,"d":"7.0"}]
["Máquina de Benefício","Unidade",2,{"v":1,"d":"1.0"},{"v":1,"d":"1.0"},{"v":1,"d":"1.0"},{"v":2,"d":"2.0"}]
["Pocilga","Unidade",7,{"v":1,"d":"1.0"},{"v":1.43,"d":"1.4"},{"v":4,"d":"4.0"},{"v":10,"d":"10.0"}]
["Poço Semi-Artesiano","Unidade",16,{"v":1,"d":"1.0"},{"v":1,"d":"1.0"},{"v":1,"d":"1.0"},{"v":16,"d":"16.0"}]
["Fonte: Secretaria de Agricultura e Abastecimento, CDRS/IEA, Projeto LUPA."]
[]
["TABELA 345.4 - Outras Estatísticas Agrícolas, Município de Mombuca, Estado de São Paulo, 2007/08."]
["ITEM","Número de UPAs",null,"Percentual"]
["Faz Parte de Associação de Produtores",185,null,{"v":57.27554179566563,"d":"57.3"}]
["Faz Parte de Cooperativa de Produtores",206,null,{"v":63.77708978328173,"d":"63.8"}]
["Faz Parte do Sindicato de Produtores",184,null,{"v":56.96594427244582,"d":"57.0"}]
["Não utiliza assistência técnica ",114,null,{"v":35.294117647058826,"d":"35.3"}]
["Utiliza somente assistência técnica governamental ",8,null,{"v":2.476780185758514,"d":"2.5"}]
["Utiliza somente assistência técnica privada ",75,null,{"v":23.21981424148607,"d":"23.2"}]
["Utiliza assistência técnica tanto governamental quanto privada",126,null,{"v":39.0092879256966,"d":"39.0"}]
["Utiliza Crédito Rural",62,null,{"v":19.19504643962848,"d":"19.2"}]
["Utiliza Seguro Rural",8,null,{"v":2.476780185758514,"d":"2.5"}]
["Utiliza Escrituração Agrícola",10,null,{"v":3.095975232198142,"d":"3.1"}]
["Acessa Internet p/ Fins na Agropecuária",7,null,{"v":2.1671826625387,"d":"2.2"}]
["Utiliza Computador nas Atividades Agropecuárias",6,null,{"v":1.8575851393188854,"d":"1.9"}]
["Utiliza Energia Elétrica Para Uso na Atividade Agrícola",145,null,{"v":44.89164086687306,"d":"44.9"}]
["Realiza Análise de Solo, quando necessário",76,null,{"v":23.52941176470588,"d":"23.5"}]
["Utiliza Práticas de Conservação de Solo, quando necessário",175,null,{"v":54.179566563467496,"d":"54.2"}]
["Faz Adubação Mineral, quando necessário",156,null,{"v":48.29721362229102,"d":"48.3"}]
["Faz Adubação Orgânica, quando necessário",12,null,{"v":3.7151702786377707,"d":"3.7"}]
["Faz Adubação Verde, quando necessário",10,null,{"v":3.095975232198142,"d":"3.1"}]
["Utiliza Manejo Integrado de Pragas (MIP)","-",null,"-"]
["Utiliza Hidroponia","-",null,"-"]
["Utiliza Plasticultura",3,null,{"v":0.9287925696594427,"d":"0.9"}]
["Utiliza Mudas Fiscalizadas",16,null,{"v":4.953560371517028,"d":"5.0"}]
["Utiliza Semente Melhorada",46,null,{"v":14.241486068111454,"d":"14.2"}]
["Faz Confinamento de Bovinos",33,null,{"v":10.21671826625387,"d":"10.2"}]
["Utiliza Pastejo Intensivo",31,null,{"v":9.597523219814242,"d":"9.6"}]
["Faz Inseminação Artificial","-",null,"-"]
["Faz Mineralização do Rebanho",79,null,{"v":24.458204334365323,"d":"24.5"}]
["Faz Vermifugação do Rebanho",80,null,{"v":24.76780185758514,"d":"24.8"}]
["Possui Parceiros /Arrendatários na Exploração Animal",22,null,{"v":6.811145510835913,"d":"6.8"}]
["Esporte e lazer","-",null,"-"]
["Extração mineral","-",null,"-"]
["Hotel Fazenda, Pousada ou SPA",2,null,{"v":0.6191950464396285,"d":"0.6"}]
["Pesque-pague","-",null,"-"]
["Restaurante ou Lanchonete","-",null,"-"]
["Transformação artesanal",1,null,{"v":0.30959752321981426,"d":"0.3"}]
["Turismo rural ou ecoturismo","-",null,"-"]
["Outras atividades econômicas rurais",1,null,{"v":0.30959752321981426,"d":"0.3"}]
["Agroindústria","-",null,"-"]
["Proprietário sem instrução ou com instrução incompleta",11,null,{"v":3.4055727554179565,"d":"3.4"}]
["Proprietário com antigo primário completo",179,null,{"v":55.417956656346746,"d":"55.4"}]
["Proprietário com 1° grau (ou antigo ginasial) completo",45,null,{"v":13.93188854489164,"d":"13.9"}]
["Proprietário com 2° grau (ou antigo colegial) completo",29,null,{"v":8.978328173374612,"d":"9.0"}]
["Proprietário com curso superior completo ",57,null,{"v":17.647058823529413,"d":"17.6"}]
["Pessoa Jurídica",2,null,{"v":0.6191950464396285,"d":"0.6"}]
["Proprietário residente na própria UPA ",62,null,{"v":19.19504643962848,"d":"19.2"}]
["Fonte: Secretaria de Agricultura e Abastecimento, CDRS/IEA, Projeto LUPA."]
[]
["TABELA 345.5 - Área Cultivada, Município de Mombuca, Estado de São Paulo, 2007/08."]
["CULTURA","N.DE UPAs","MÍNIMO","MÉDIO","MÁXIMO","TOTAL"]
["Cana-de-acucar",281,0.6,26.8,388.8,{"v":7530.7,"d":"7,530.7"}]
["Braquiaria",95,0.3,{"v":8.03,"d":"8.0"},64.1,762.9]
["Gramas",49,0.6,{"v":8.68,"d":"8.7"},173.5,425.5]
["Eucalipto",39,0.1,{"v":2.29,"d":"2.3"},15.7,89.5]
["Milho",7,0.6,{"v":2.44,"d":"2.4"},4.8,17.1]
["Outras gramineas para pastagem",2,{"v":3,"d":"3.0"},6.3,9.6,12.6]
["Laranja",1,7.3,7.3,7.3,7.3]
["Capim-napier (ou capim-elefante)",3,1.2,1.8,2.4,5.4]
["Cafe",1,4.8,4.8,4.8,4.8]
["Sorgo-vassoura",4,0.3,0.7,{"v":1,"d":"1.0"},2.8]
["Maracuja",2,0.5,{"v":1.25,"d":"1.3"},{"v":2,"d":"2.0"},2.5]
["Pera",1,{"v":2,"d":"2.0"},{"v":2,"d":"2.0"},{"v":2,"d":"2.0"},{"v":2,"d":"2.0"}]
["Feijao",1,1.8,1.8,1.8,1.8]
["Pimentao",3,0.1,{"v":0.23,"d":"0.2"},0.3,0.7]
["Uva rustica",1,0.5,0.5,0.5,0.5]
["Berinjela",2,0.2,0.2,0.2,0.4]
["Pinus",1,0.3,0.3,0.3,0.3]
["Alface",1,0.2,0.2,0.2,0.2]
["Outras olericolas",1,0.1,0.1,0.1,0.1]
["Fonte: Secretaria de Agricultura e Abastecimento, CDRS/IEA, Projeto LUPA."]